Datum a čas kvízu
41.5
Celkem bodů
Celkový počet nahraných bodů na tomto kvízu bez doplňovacích otázek.
1.
Pořadí na kvízu
Konečné umístění týmu na tomto kvízu.
Zaznamenané odpovědi
# | Otázka | Odpověď | Body | Výsledky |
---|---|---|---|---|
1. | Ve svatovítské katedrále se v... | Petr Fiala | 0 | |
2. | První dámu Francie Brigitte Ma... | že je žena | 1 | |
3. | V noci ze středy na čtvrtek by... | Jimmy Kimmel | 1 | |
4. | Finská firma Bluefors uzavřela... | na Měsíci | 1 | |
5. | Jak se jmenuje český skokan do... | Jan Štefela | 0 | |
6. | Ve spolupráci s Radou Evropy j... | 1B 2C 3D 4A | 1 | |
7. | Pokud vám prozradíme, že červe... | július | 1 | |
8. | Jak se na V jmenuje autonomní... | Vojvodina | 1 | |
9. | Která z těchto knih nebyla nap... | B | 1 | |
10. | Pozoruhodným jazykem je velšti... | slunéčko (beruška) | 0 |